[Event "7th Francophone-ch 2019"]
[Site "Paris"]
[Date "2019.08.12"]
[Round "9.2"]
[White "Mastrovasilis, Dimitrios"]
[Black "Shirazi, Kamran"]
[Result "1-0"]
[WhiteElo "2589"]
[BlackElo "2343"]
[Annotator "TA"]
[PlyCount "79"]
[EventDate "2019.08.04"]
[EventType "swiss"]
[EventCountry "FRA"]
[SourceTitle "playchess.com"]
[Source "ChessBase"]
[SourceQuality "1"]

{[%evp 9,79,0,0,-4,0,6,52,48,52,25,32,1,19,10,31,12,12,10,10,12,0,0,49,46,135,137,168,178,223,175,209,218,306,290,360,347,411,341,420,440,452,452,450,437,435,437,505,512,543,560,591,600,808,789,883,863,1005,980,1162,1147,1052,1054,1087,1078,986,969,1225,1275,1767,1755,5510,5502]} 1. e4 e5 2. Nf3 Nc6 3. d4 exd4 4. Nxd4 Bc5 5. Nb3 Bb6 6. Qe2 {C45: Scotch Game} (6. Nc3 Nge7 7. Bg5 f6 8. Bh4 a5 9. Bb5 Ne5 10. f4 N5g6 11. Bg3 c6 12. Bc4 Bc7 13. Qf3 b5 14. Bd3 a4 {1-0 (37) Amin,B (2709)-Grandelius,N (2694) Astana 2019}) 6... a5 7. a4 Nd4 $146 ({Predecessor:} 7... d6 8. Nc3 Nb4 9. Bf4 Nf6 10. O-O-O O-O 11. f3 d5 12. Bg5 h6 13. Nxd5 Nbxd5 14. Rxd5 {0-1 (66) Tomazini,Z (2406)-Gonda,L (2534) Pardubice 2018}) 8. Nxd4 {White is slightly better.} Bxd4 9. c3 Bc5 10. g3 Ne7 11. Bg2 b6 12. O-O $36 {[%mdl 2048] White has the initiative.} Ba6 13. c4 O-O 14. Nc3 Re8 15. Rd1 c6 16. b3 d5 ({Black should play} 16... d6 $14) 17. exd5 $16 Nxd5 18. Qf3 {[%mdl 64] Pin} Nxc3 19. Rxd8 Raxd8 {[#]} 20. Be3 $1 {[%cal Re3c5] Strongly threatening Bxc5.} ({And not} 20. Qxc3 Bd4 $15) 20... Bxe3 (20... Bb7 $142 21. Bxc5 Ne2+ 22. Kf1 bxc5) 21. fxe3 $18 Bb7 22. Re1 Na2 23. Qf4 Rd7 24. Bh3 Rdd8 {White is clearly winning.} 25. Qc7 {[%mdl 64] [#] Double Attack} Bc8 26. Bxc8 Rxc8 27. Qxb6 Nb4 28. Qxa5 c5 29. Rd1 h5 30. Rd7 Nc6 31. Qxc5 Ne5 32. Rc7 Rcd8 33. Re7 Nf3+ 34. Kg2 Ne1+ 35. Kf1 Nd3 36. Rxe8+ Rxe8 37. Qd4 Ne5 38. Ke2 f6 39. a5 {[%cal Ba4a5,Ba5a6][%mdl 32]} Rb8 40. a6 {Accuracy: White = 85%, Black = 23%.} 1-0

[Event "7th Francophone-ch 2019"]
[Site "Paris"]
[Date "2019.08.12"]
[Round "9.3"]
[White "Bergez, Luc"]
[Black "David, Alberto"]
[Result "1/2-1/2"]
[WhiteElo "2308"]
[BlackElo "2553"]
[Annotator "TA"]
[PlyCount "25"]
[EventDate "2019.08.04"]
[EventType "swiss"]
[EventCountry "FRA"]
[SourceTitle "playchess.com"]
[Source "ChessBase"]
[SourceQuality "1"]

{[%evp 10,25,-16,-10,-14,-8,5,-47,-20,-19,-13,-14,13,13,14,15,16,16]} 1. e4 c5 2. Nf3 e6 3. b3 a6 4. Bb2 Nc6 5. d4 cxd4 6. Nxd4 Qf6 {B40: Sicilian: 2...e6, Unusual lines} 7. c3 Bc5 8. Nf3 (8. Be2 $11) 8... Nge7 {Black is slightly better.} 9. Nbd2 {The position is equal.} O-O (9... d5 10. Be2 O-O 11. O-O Ng6 12. exd5 exd5 13. Bd3 Nf4 14. Bc2 {0-1 (23) Kevlishvili,R (2451)-Perunovic,M (2597) Skopje 2018}) 10. Qe2 Ng6 $146 ({Predecessor:} 10... e5 11. g3 d6 12. Bg2 b5 13. O-O Bg4 14. b4 {1-0 (41) Bogut,Z (2467)-Ramesa,D (2332) Sibenik 2009}) 11. g3 d5 12. Bg2 Bd7 13. O-O 1/2-1/2

[Event "7th Francophone-ch 2019"]
[Site "Paris"]
[Date "2019.08.12"]
[Round "9.4"]
[White "Rakotomaharo, Fy Antenaina"]
[Black "Ralison, Milanto Harifidy"]
[Result "0-1"]
[WhiteElo "2419"]
[BlackElo "2291"]
[Annotator "TA"]
[PlyCount "58"]
[EventDate "2019.08.04"]
[EventType "swiss"]
[EventCountry "FRA"]
[SourceTitle "playchess.com"]
[Source "ChessBase"]
[SourceQuality "1"]

{[%evp 9,106,5,39,49,43,38,86,68,82,54,48,50,60,56,55,49,50,0,162,144,160,78,179,164,129,147,153,147,120,-91,-86,-45,-64,-143,-149,-122,-133,-189,-177,-277,-277,-276,-277,-277,-271,-268,-272,-471,-420,-595,-572,-876,-387,-506,-228,-228,-228,-228,-228,-227,-225,-475,-466,-766,-762,-754,-747,-737,-732,-712,-705,-717,-660,-29978,-29979,-29979,-29972,-29970,-29971,-29979,-29980,-29981,-29976,-29972,-6475,-29979,-12839,-29976,-29977,-12840,-3392,-29982,-29983,-29983,-29983,-29988,-29988,-29989,-29989]} 1. d4 Nf6 2. c4 g6 3. Nc3 d5 4. Nf3 Bg7 5. h4 (5. h3 dxc4 6. e4 c5 7. d5 O-O 8. Bxc4 b5 9. Nxb5 Nxe4 10. O-O Ba6 11. Qe2 Nd6 12. Nxd6 Qxd6 {0-1 (94) Meier,G (2628)-Vachier Lagrave,M (2773) Karlsruhe/Baden Baden 2019}) 5... h6 6. cxd5 {D90: Grünfeld: 4 Nf3 Bg7 sidelines} Nxd5 7. e4 Nb6 8. Be3 {White is better.} Bg4 9. Bb5+ c6 10. Be2 N8d7 11. a4 $146 ({Predecessor:} 11. Qd2 e5 12. O-O-O Qe7 13. Kb1 Bxf3 14. gxf3 exd4 15. Bxd4 Bxd4 16. Qxd4 {0-1 (41) Panelo Munoz,M (2327)-Asis Gargatagli,H (2420) Barcelona 2011}) 11... a5 12. Qb3 O-O 13. h5 gxh5 $2 (13... Bxh5 $11 {and Black has nothing to worry.} 14. Ne5 Bxe2 15. Nxe2 e6) 14. O-O-O $18 Qc7 15. Kb1 (15. Nh4 $142) 15... c5 (15... Qd6 $16) 16. Nb5 {[%mdl 1024] White has strong compensation.} Qc6 17. d5 $1 {[%cal Rd5c6]} Qf6 18. Nc3 Nc8 19. Nd2 $2 (19. Ng1 $16 {keeps the pressure on.}) 19... Bxe2 $17 20. Nxe2 {aiming for Ng3.} b5 $1 {[%cal Rb5a4] ...bxa4 is the strong threat.} 21. f4 ({Don't blunder} 21. Qxb5 $2 Rb8 $19) ({Of course not} 21. Rxh5 bxa4 22. Qc2 Rb8 $17) (21. Ka2 $15) 21... bxa4 22. Qc2 Nd6 23. Nc3 (23. Ng3 $17 {was worth a try.} Rab8 24. e5) 23... Rab8 $19 {Strongly threatening ...Qxc3.} 24. Nxa4 (24. e5 $142 Nxe5 25. Nde4) 24... Rb4 25. e5 {[#]} Nxe5 $1 {[%mdl 512]} 26. fxe5 Qxe5 {[%mdl 64] Double Attack} 27. Bxc5 {[#]} Rxa4 $1 {[%mdl 512]} 28. Rhe1 $2 (28. Nf3 Qe4 29. Qxe4 Nxe4 30. Bd4) (28. Qxa4 Qxb2#) 28... Qf4 {Threatens to win with ...Rb8.} 29. Rxe7 (29. g3 {is a better defense.} Qg4 30. Bxd6 exd6 31. Ne4) 29... Bxb2 {Played: Rf8-b8} 0-1

[Event "7th Francophone-ch 2019"]
[Site "Paris"]
[Date "2019.08.12"]
[Round "9.5"]
[White "Amdouni, Zoubaier"]
[Black "Aloma Vidal, Robert"]
[Result "1/2-1/2"]
[WhiteElo "2248"]
[BlackElo "2419"]
[Annotator "TA"]
[PlyCount "41"]
[EventDate "2019.08.04"]
[EventType "swiss"]
[EventCountry "FRA"]
[SourceTitle "playchess.com"]
[Source "ChessBase"]
[SourceQuality "1"]

{[%evp 10,41,15,14,19,17,12,0,4,-10,35,3,10,8,7,-11,-10,-14,-17,-6,13,13,13,13,11,12,13,19,6,7,13,11,19,-117]} 1. e4 e5 2. Bc4 Nf6 3. d3 Nc6 4. Nf3 Bc5 5. c3 O-O 6. Bg5 h6 {C54: Giuoco Piano: 4 c3 Nf6, main lines with 5 d4 and 5 d3} 7. Bh4 Be7 8. Nbd2 d6 9. Bb3 (9. a4 Nh5 10. g3 Nf6 11. Bxf6 Bxf6 12. h4 Ne7 13. Nh2 d5 14. Bb3 {1-0 (47) Anand,V (2771)-Ragger,M (2686) Batumi 2018}) 9... Be6 10. Nc4 Nd7 $146 {The position is equal.} ({Predecessor:} 10... Qd7 11. O-O Rae8 12. Re1 Nh7 13. Bg3 Bg4 14. Ne3 {1-0 (86) Sihite,C (2162)-Zimina,O (2327) Istanbul 2012}) 11. Bxe7 Nxe7 12. d4 exd4 13. Nxd4 Bxc4 14. Bxc4 Nc5 15. Qc2 Nxe4 {[#]} 16. Ne6 $1 {[%mdl 512]} fxe6 17. Qxe4 d5 18. Qxe6+ Kh8 {Hoping for ...Rf6.} 19. Bd3 Rf6 20. Qe2 Qd6 {[#] ...Re6 is the strong threat.} 21. Qd1 {Accuracy: White = 48%, Black = 71%.} (21. O-O-O $11 {remains equal.}) 1/2-1/2

[Event "7th Francophone-ch 2019"]
[Site "Paris"]
[Date "2019.08.12"]
[Round "9.6"]
[White "Piscopo, Pierluigi"]
[Black "Leconte, Maria"]
[Result "1/2-1/2"]
[WhiteElo "2407"]
[BlackElo "2245"]
[Annotator "TA"]
[PlyCount "45"]
[EventDate "2019.08.04"]
[EventType "swiss"]
[EventCountry "FRA"]
[SourceTitle "playchess.com"]
[Source "ChessBase"]
[SourceQuality "1"]

{[%evp 13,45,17,35,22,32,32,33,33,39,41,33,31,28,24,37,34,33,41,64,54,66,66,96,98,168,45,47,40,35,-79,-54,-139,-78,-97]} 1. e4 e6 2. d4 d5 3. Nd2 Nc6 4. Ngf3 Nf6 5. e5 Nd7 6. Be2 Be7 7. Nf1 O-O 8. Ne3 {C04: French Tarrasch: 3...Nc6} f6 9. exf6 Nxf6 10. O-O {White is slightly better.} Bd6 11. c4 b6 12. b3 Bb7 13. Bb2 Bf4 14. Rc1 {[#]} Ne7 $146 ({Predecessor:} 14... Ne4 15. Bd3 Nb4 {0-1 (24) Antal,G (2467)-Bauer,C (2614) Cannes 2008}) 15. Bd3 Ne4 16. Rc2 Qe8 17. Ng4 Qh5 18. Nfe5 {[#] And now Bxe4 would win.} Qg5 (18... Kh8 $16) 19. Re1 (19. g3 $18 Bxe5 20. Nxe5) 19... h5 $1 $14 {[%cal Rh5g4]} 20. cxd5 exd5 21. Bxe4 (21. g3 $1 $14 {keeps the upper hand.} hxg4 22. gxf4 Qxf4 23. Qxg4 Qxg4+ 24. Nxg4) 21... dxe4 $17 22. Ne3 {[#]} ({White should play} 22. g3 $1 $15 hxg4 23. gxf4 Qxf4 24. Bc1) 22... Nf5 ({Better is} 22... Rad8 $1 {Strongly threatening ...Bxe5.} 23. Qa1 Nd5 24. Nxd5 Rxd5) 23. Qe2 {Accuracy: White = 48%, Black = 50%.} 1/2-1/2

[Event "7th Francophone-ch 2019"]
[Site "Paris"]
[Date "2019.08.12"]
[Round "9.7"]
[White "Berend, Elvira"]
[Black "Holcman, Jeremy"]
[Result "1/2-1/2"]
[WhiteElo "2344"]
[BlackElo "2090"]
[Annotator "ChessBase"]
[PlyCount "55"]
[EventDate "2019.08.04"]
[EventType "swiss"]
[EventCountry "FRA"]
[SourceTitle "playchess.com"]
[Source "ChessBase"]
[SourceQuality "1"]
[TimeControl "40/5400+30:1800+30"]

1. d4 {[%emt 0:00:00]} d5 {[%emt 0:00:28]} 2. Nf3 {[%emt 0:00:00]} Nf6 {[%emt 0:00:41]} 3. e3 {[%emt 0:01:32]} e6 {[%emt 0:02:36]} 4. Bd3 {[%emt 0:03:01]} Bd6 {[%emt 0:02:18]} 5. c4 {[%emt 0:03:42]} dxc4 {[%emt 0:09:03]} 6. Bxc4 {[%emt 0:00:12]} a6 {[%emt 0:00:45]} 7. O-O {[%emt 0:04:07]} O-O {[%emt 0:01:52]} 8. Nc3 {[%emt 0:01:21]} b5 {[%emt 0:08:30]} 9. Bd3 {[%emt 0:00:31]} Bb7 {[%emt 0:02:09]} 10. a3 {[%emt 0:07:48]} c5 {[%emt 0:04:29]} 11. dxc5 {[%emt 0:02:01]} Bxc5 {[%emt 0:00:11]} 12. e4 {[%emt 0:00:37]} Nbd7 {[%emt 0:04:29]} 13. Qe2 {[%emt 0:08:33]} e5 {[%emt 0:06:32]} 14. Bg5 {[%emt 0:02:12]} Qb6 {[%emt 0:04:17]} 15. Rad1 {[%emt 0:03:07]} Rfe8 {[%emt 0:03:42]} 16. Bb1 {[%emt 0:01:09]} Bd4 {[%emt 0:02:58]} 17. Na2 {[%emt 0:03:01]} a5 {[%emt 0:11:37]} 18. Bd3 {[%emt 0:09:33]} b4 {[%emt 0:01:40]} 19. axb4 {[%emt 0:03:23]} axb4 {[%emt 0:00:17]} 20. Nc1 {[%emt 0:00:06]} Nc5 {[%emt 0:07:50]} 21. Bxf6 {[%emt 0:02:48]} Qxf6 {[%emt 0:02:09]} 22. Nxd4 {[%emt 0:10:56]} exd4 {[%emt 0:02:21]} 23. f3 {[%emt 0:00:08]} Qb6 {[%emt 0:04:03]} 24. Qf2 {[%emt 0:00:39]} Rad8 {[%emt 0:01:51]} 25. Bc4 {[%emt 0:00:58]} Ne6 {[%emt 0:01:39]} 26. Nb3 {[%emt 0:01:26]} Nf4 {[%emt 0:11:15]} 27. Kh1 {[%emt 0:01:23]} Rc8 {[%emt 0:01:22]} 28. Rxd4 {[%emt 0:29:46]} 1/2-1/2

[Event "7th Francophone-ch 2019"]
[Site "Paris"]
[Date "2019.08.12"]
[Round "9.8"]
[White "Macon, Arthur"]
[Black "Eugene, Floryan"]
[Result "1-0"]
[WhiteElo "2270"]
[BlackElo "2300"]
[Annotator "ChessBase"]
[PlyCount "49"]
[EventDate "2019.08.04"]
[EventType "swiss"]
[EventCountry "FRA"]
[SourceTitle "playchess.com"]
[Source "ChessBase"]
[SourceQuality "1"]
[TimeControl "40/5400+30:1800+30"]

1. e4 {[%emt 0:00:00]} d5 {[%emt 0:20:17]} 2. exd5 {[%emt 0:00:05]} Nf6 {[%emt 0:00:05]} 3. Nc3 {[%emt 0:01:25]} Nxd5 {[%emt 0:02:12]} 4. Bc4 {[%emt 0:07:52]} Nb6 {[%emt 0:02:40]} 5. Bb3 {[%emt 0:04:11]} Nc6 {[%emt 0:01:35]} 6. Nf3 {[%emt 0:00:41]} e5 {[%emt 0:01:08]} 7. O-O {[%emt 0:00:38]} Bd6 {[%emt 0:00:20]} 8. d4 {[%emt 0:09:27]} Bg4 {[%emt 0:06:44]} 9. h3 {[%emt 0:01:56]} exd4 {[%emt 0:19:42]} 10. hxg4 {[%emt 0:06:14]} dxc3 {[%emt 0:03:29]} 11. Qd3 {[%emt 0:19:59]} Qf6 {[%emt 0:05:55]} 12. Re1+ {[%emt 0:04:14]} Kf8 {[%emt 0:00:14]} 13. bxc3 {[%emt 0:05:36]} Qg6 {[%emt 0:07:34]} 14. Ng5 {[%emt 0:03:08]} Qxd3 {[%emt 0:08:04]} 15. cxd3 {[%emt 0:00:06]} Na5 {[%emt 0:00:06]} 16. Ne4 {[%emt 0:04:39]} Be7 {[%emt 0:01:43]} 17. Bg5 {[%emt 0:02:19]} Bxg5 {[%emt 0:01:46]} 18. Nxg5 {[%emt 0:00:07]} c5 {[%emt 0:01:57]} 19. Re2 {[%emt 0:02:44]} Nxb3 {[%emt 0:02:01]} 20. axb3 {[%emt 0:00:06]} Nd5 {[%emt 0:02:53]} 21. Re5 {[%emt 0:03:51]} Nf4 {[%emt 0:03:26]} 22. Rf5 {[%emt 0:01:49]} Nxd3 {[%emt 0:03:52]} 23. Nxf7 {[%emt 0:01:03]} Rg8 {[%emt 0:00:59]} 24. Ne5+ {[%emt 0:00:16]} Ke7 {[%emt 0:00:09]} 25. Nxd3 {[%emt 0:00:06]} 1-0

[Event "7th Francophone-ch 2019"]
[Site "Paris"]
[Date "2019.08.12"]
[Round "9.9"]
[White "Chandesris, Ludovic"]
[Black "Bouget, Alexandre"]
[Result "1-0"]
[WhiteElo "2272"]
[BlackElo "2275"]
[Annotator "NA"]
[PlyCount "99"]
[EventDate "2019.08.04"]
[EventType "swiss"]
[EventCountry "FRA"]
[SourceTitle "playchess.com"]
[Source "ChessBase"]
[SourceQuality "1"]
[TimeControl "40/5400+30:1800+30"]

1. e4 {[%emt 0:00:00]} e5 {[%emt 0:01:36]} 2. Nf3 {[%emt 0:00:00]} Nc6 {[%emt 0:00:04]} 3. d4 {[%emt 0:00:04]} exd4 {[%emt 0:00:05]} 4. Nxd4 {[%emt 0:00:09]} Bc5 {[%emt 0:00:03]} 5. Be3 {[%emt 0:00:30]} Qf6 {[%emt 0:00:05]} 6. c3 {[%emt 0:00:56]} b6 {[%emt 0:00:05]} 7. Bc4 {[%emt 0:04:32]} Nge7 {[%emt 0:00:34]} 8. O-O {[%emt 0:00:48]} Bb7 {[%emt 0:00:02]} 9. Nb5 {[%emt 0:16:59]} O-O-O {[%emt 0:01:02]} 10. Bxc5 {[%emt 0:06:16]} bxc5 {[%emt 0:00:05]} 11. Nd2 {[%emt 0:01:18]} Ne5 {[%emt 0:00:05]} 12. Be2 {[%emt 0:02:55]} a6 {[%emt 0:07:58]} 13. Na3 {[%emt 0:00:38]} N7g6 {[%emt 0:16:16]} 14. g3 {[%emt 0:02:19]} d5 {[%emt 0:12:38]} 15. f4 {[%emt 0:03:55]} dxe4 {[%emt 0:00:04]} 16. fxe5 {[%emt 0:03:28]} Qg5 {[%emt 0:00:04]} 17. Nac4 {[%emt 0:03:57]} Nxe5 {[%emt 0:15:13]} 18. Qc2 {[%emt 0:13:01]} f5 {[%emt 0:02:29]} 19. Rad1 {[%emt 0:05:03]} Ng4 {[%emt 0:00:03]} 20. Rf4 {[%emt 0:01:50]} h5 {[%emt 0:01:57]} 21. Nf1 {[%emt 0:05:30]} Rxd1 {[%emt 0:02:49]} 22. Bxd1 {[%emt 0:01:45]} Nf6 {[%emt 0:10:07]} 23. Qf2 {[%emt 0:02:27]} g6 {[%emt 0:02:38]} 24. Qxc5 {[%emt 0:08:55]} Rd8 {[%emt 0:00:04]} 25. Nfe3 {[%emt 0:01:32]} Nd7 {[%emt 0:05:58]} 26. Qa7 {[%emt 0:00:28]} Qf6 {[%emt 0:07:18]} 27. Be2 {[%emt 0:02:28]} Nf8 {[%emt 0:14:08]} 28. Rf1 {[%emt 0:00:50]} h4 {[%emt 0:00:00]} 29. Na5 {[%emt 0:00:29]} Qb6 {[%emt 0:00:00]} 30. Qxb7+ {[%emt 0:00:07]} Qxb7 {[%emt 0:00:00]} 31. Nxb7 {[%emt 0:00:04]} Kxb7 {[%emt 0:00:00]} 32. Rd1 {[%emt 0:00:11]} Rxd1+ {[%emt 0:00:00]} 33. Bxd1 {[%emt 0:00:07]} hxg3 {[%emt 0:00:00]} 34. hxg3 {[%emt 0:00:07]} Ne6 {[%emt 0:00:00]} 35. Kf2 {[%emt 0:00:19]} Nc5 {[%emt 0:00:00]} 36. Bc2 {[%emt 0:00:13]} Kc6 {[%emt 0:00:00]} 37. Ng2 {[%emt 0:01:11]} g5 {[%emt 0:00:00]} 38. b4 {[%emt 0:00:18]} Ne6 {[%emt 0:00:00]} 39. Ne3 {[%emt 0:00:14]} Kb5 {[%emt 0:00:00]} 40. a4+ {[%emt 0:00:15]} Kb6 {[%emt 0:00:00]} 41. Nxf5 {[%emt 0:30:17]} c5 {[%emt 0:26:07]} 42. Nd6 {[%emt 0:01:59]} cxb4 {[%emt 0:02:58]} 43. cxb4 {[%emt 0:00:19]} Kc7 {[%emt 0:05:29]} 44. Nxe4 {[%emt 0:00:30]} Nd4 {[%emt 0:00:02]} 45. Bd1 {[%emt 0:00:40]} Nc6 {[%emt 0:00:06]} 46. b5 {[%emt 0:00:21]} axb5 {[%emt 0:00:03]} 47. axb5 {[%emt 0:00:05]} Nd4 {[%emt 0:00:01]} 48. Be2 {[%emt 0:00:12]} Kb6 {[%emt 0:01:24]} 49. Nxg5 {[%emt 0:00:09]} Nxb5 {[%emt 0:00:07]} 50. Bxb5 {[%emt 0:00:05]} 1-0

[Event "7th Francophone-ch 2019"]
[Site "Paris"]
[Date "2019.08.12"]
[Round "9.10"]
[White "Haie, Arnaud"]
[Black "Shchekachev, Andrei"]
[Result "0-1"]
[WhiteElo "2130"]
[BlackElo "2531"]
[Annotator "TA"]
[PlyCount "68"]
[EventDate "2019.08.04"]
[EventType "swiss"]
[EventCountry "FRA"]
[SourceTitle "playchess.com"]
[Source "ChessBase"]
[SourceQuality "1"]

{[%evp 10,68,3,-20,17,3,20,17,10,13,18,7,11,6,7,6,12,8,17,16,20,11,30,39,30,11,26,29,49,49,49,55,58,50,96,95,129,93,108,-77,-74,-62,-63,-258,-247,-259,-268,-472,-409,-806,-578,-803,-797,-952,-933,-913,-868,-1138,-1138,-1587,-1561]} 1. d4 Nf6 2. c4 e6 3. Nc3 Bb4 4. f3 c5 5. d5 O-O 6. e4 exd5 {E20: Nimzo-Indian: 4 g3 and 4 f3} (6... b5 $5) (6... d6 7. Bg5 exd5 8. cxd5 Nbd7 9. Bd3 Ne5 10. Nge2 c4 11. Bc2 Bc5 12. Qd2 h6 13. Be3 Qb6 14. Bxc5 Qxc5 {½-½ (68) Mamedyarov,S (2817)-Aronian,L (2765) Kolkata 2018}) 7. cxd5 Re8 8. Nge2 d6 {The position is equal.} 9. Ng3 Nbd7 10. Be2 a6 11. a4 Ne5 12. O-O Rb8 13. Bg5 $146 ({Predecessor:} 13. Kh1 Bd7 14. Be3 Ba5 15. Qd2 Ng6 16. Rfe1 {0-1 (52) Volkov,S (2584)-Tunik,G (2430) Kazan 2014}) 13... h6 14. Bd2 c4 15. Be3 Qc7 16. Qd2 Bc5 17. Kh1 Bxe3 18. Qxe3 b5 19. axb5 axb5 20. b4 Bd7 21. Ra6 Ng6 22. Rfa1 $1 h5 23. Bf1 Ne5 {[%cal Bg6e5,Be5g4,Bg4f2,Bf2g4,Bg4e3,Be3d5][%mdl 32] [#]} 24. f4 $2 (24. Nge2 $1 $16) 24... Neg4 $36 {[%mdl 2048] Black is really pushing.} 25. Qf3 {Black should prevent h3.} h4 26. Nge2 $2 {[#]} ({White has to play} 26. h3 $1 $15 hxg3 27. hxg4 Bxg4 28. Qxg3) 26... Nxe4 $1 $19 {[%mdl 512]} 27. Nxe4 Rxe4 28. Qc3 $2 (28. Ra7 Qc8 29. R1a3 (29. Rxd7 $2 Qxd7 30. h3 Nf6 $19)) 28... Rbe8 29. Ra8 (29. Qd2 $142 Bc8 30. Rc6) 29... Nf2+ {Black is clearly winning.} 30. Kg1 {Strongly threatening Rxe8+.} Qb6 {( -> ...Nh3+!)} 31. Rxe8+ Bxe8 32. Nd4 Ng4 33. Rd1 Ne3 34. Re1 Nxd5 {[%mdl 64] Double Attack. Accuracy: White = 44%, Black = 56%.} 0-1